Toán học trong công tác kế hoạch hóa

Guardat en:
Dades bibliogràfiques
Autor principal: Nguyễn Tử Qua
Format: Llibre
Publicat: H. Khoa học và Kỹ thuật 1985
Matèries:
Etiquetes: Afegir etiqueta
Sense etiquetes, Sigues el primer a etiquetar aquest registre!
Thư viện lưu trữ: Trung tâm Học liệu Lê Vũ Hùng, Trường Đại học Đồng Tháp
LEADER 00715pam a22002298a 4500
001 00016980
005 20171026081022.0
008 110415s1985 ||||||Viesd
041 0 # |a Vie 
082 1 4 |a 658.5  |b T406H 
100 0 # |a Nguyễn Tử Qua 
245 0 0 |a Toán học trong công tác kế hoạch hóa  |c Nguyễn Tử Qua 
260 # # |a H.  |b Khoa học và Kỹ thuật  |c 1985 
300 # # |c 19 cm.  |a 126 tr. 
653 # # |a Kế hoạch hóa 
653 # # |a Toán 
653 # # |a Sản xuất 
653 # # |a Lao động 
852 # # |b Kho đọc  |j KD.0002347 
852 # # |j KD.0002347 
910 |d 15/04/2011 
980 # # |a Trung tâm Học liệu Lê Vũ Hùng, Trường Đại học Đồng Tháp